| 000 | 00401 a2200169 4500 | ||
|---|---|---|---|
| 001 | 183360 | ||
| 020 | _a85-16-01001-5 | ||
| 040 | _cMagnum | ||
| 100 | _aMartho, Gilberto Rodrigues | ||
| 240 | 1 | 0 |
_aBiologia das células 1 _lpor |
| 245 | 1 | 0 | _aBiologia das células 1 |
| 300 | _a440 | ||
| 362 | 0 | _a1999 | |
| 440 | 1 | _aModerna | |
| 697 | _aCIÊNCIAS FÍSICAS, QUÍMICAS E BIOLÓGICAS | ||
| 942 | _cBK | ||
| 999 |
_c183360 _d183360 |
||